Entry Personal Name
Number of records used in: 1
001 - CONTROL NUMBER
003 - CONTROL NUMBER IDENTIFIER
005 - DATE AND TIME OF LATEST TRANSACTION
- control field:
20230726121921.0
008 - FIXED-LENGTH DATA ELEMENTS
- fixed length control field:
230726|| aca||aabn | a|a d
040 ## - CATALOGING SOURCE
- Original cataloging agency:
JRU
- Transcribing agency:
JRU
100 ## - HEADING--PERSONAL NAME
- Personal name:
HELLENIC REPUBLIC
670 ## - SOURCE DATA FOUND
- Source citation:
Work cat.: (JRU)8340: HELLENIC REPUBLIC, CODEX: HELLENIC INSTITUTE OF BYZANTINE AND POST BYZANTINES STUDIES IN VENICE, 2022